[Event "ALG-chT"]
[Site "Staoueli"]
[Date "2014.08.25"]
[Round "6.3"]
[White "Medjkouh, Said"]
[Black "Khennous, Fares"]
[Result "0-1"]
[WhiteElo "2072"]
[BlackElo "1857"]
[PlyCount "55"]
[EventDate "2014.08.22"]
[EventType "team-swiss"]
[EventRounds "9"]
[EventCountry "ALG"]
[SourceTitle "EXT 2016"]
[Source "ChessBase"]
[SourceDate "2015.10.08"]
[SourceVersion "1"]
[SourceVersionDate "2015.10.08"]
[SourceQuality "1"]
[WhiteTeam "Omse Boloughine"]
[BlackTeam "Bejaia BCE"]
[WhiteTeamCountry "ALG"]
[BlackTeamCountry "ALG"]

1. e4 c5 2. Nc3 d6 3. g3 Nf6 4. Bg2 Nc6 5. d3 Bg4 6. Qd2 e5 7. h3 Bd7 8. Nge2 Qc8 9. f4 exf4 10. Nxf4 g6 11. 0-0 Bg7 12. Nb5 Qb8 13. g4 Ne7 14. Nc3 Bc6 15. g5 Nd7 16. Ncd5 Bxd5 17. Nxd5 Nxd5 18. exd5 Qc7 19. Qe2+ Ne5 20. c3 0-0 21. Bf4 Rae8 22. Be4 f5 23. gxf6 Rxf6 24. Bg5 Rff8 25. Qg2 b5 26. Rac1 Rf7 27. Rxf7 Nxf7 28. Bf4 0-1

[Event "ALG-ch U18"]
[Site "Chenoua"]
[Date "2012.11.04"]
[Round "8"]
[White "Saim, Mohamed Ilias"]
[Black "Medjkouh, Said"]
[Result "0-1"]
[WhiteElo "1920"]
[BlackElo "2111"]
[PlyCount "114"]
[EventDate "2012.10.28"]
[EventType "swiss"]
[EventRounds "9"]
[EventCountry "ALG"]
[SourceTitle "EXT 2014"]
[Source "ChessBase"]
[SourceDate "2013.11.20"]
[SourceVersion "1"]
[SourceVersionDate "2013.11.20"]
[SourceQuality "1"]

1. e4 g6 2. Nf3 Bg7 3. d4 d6 4. Bc4 Nf6 5. Qe2 c6 6. Bb3 e5 7. dxe5 dxe5 8. 0-0 Qc7 9. Na3 b5 10. c4 b4 11. Nc2 a5 12. a4 Nbd7 13. Nce1 Nc5 14. Bc2 Bg4 15. h3 Bxf3 16. Qxf3 0-0 17. Be3 Ne6 18. c5 Qe7 19. Nd3 Nd7 20. Rfc1 Bf6 21. Bb3 Rfd8 22. Qe2 Ra7 23. Bc4 Ndf8 24. g3 Rad7 25. Kg2 Ng7 26. Rd1 Bg5 27. Bxg5 Qxg5 28. Ne1 Qe7 29. Rxd7 Rxd7 30. Qe3 Rd4 31. Rc1 Rd7 32. Nf3 Kh8 33. Ng5 Nfe6 34. Nxe6 Nxe6 35. Bxe6 Qxe6 36. Rc2 Qe7 37. b3 Kg7 38. f4 exf4 39. gxf4 Qd8 40. f5 Rd3 41. Qf4 Qf6 42. h4 Qd4 43. Rf2 Qf6 44. h5 g5 45. h6+ Qxh6 46. f6+ Kg8 47. Qb8+ Qf8 48. Qe5 h6 49. Rf5 Qd8 50. Qe7 Rd2+ 51. Kg3 Rd7 52. Qe5 Qc7 53. Kg4 Qxe5 54. Rxe5 Rd3 55. Re8+ Kh7 56. Rc8 Rxb3 57. Rxc6 Kg6 0-1

[Event "Olympiad-40"]
[Site "Istanbul"]
[Date "2012.09.03"]
[Round "6.4"]
[White "Medjkouh, Said"]
[Black "Glud, Jakob Vang"]
[Result "0-1"]
[WhiteElo "2081"]
[BlackElo "2498"]
[PlyCount "70"]
[EventDate "2012.08.28"]
[EventType "team-swiss"]
[EventRounds "11"]
[EventCountry "TUR"]
[SourceTitle "CBM 151"]
[Source "ChessBase"]
[SourceDate "2012.11.13"]
[SourceVersion "1"]
[SourceVersionDate "2012.11.13"]
[SourceQuality "1"]
[WhiteTeam "Algeria"]
[BlackTeam "Denmark"]
[WhiteTeamCountry "ALG"]
[BlackTeamCountry "DEN"]

1. c4 e6 2. g3 Nf6 3. Bg2 d5 4. Nf3 Be7 5. 0-0 0-0 6. b3 c5 7. e3 b6 8. Bb2 Bb7 9. Qe2 dxc4 10. bxc4 Qc8 11. Nc3 Rd8 12. Rfd1 Nc6 13. d3 Ne8 14. Rac1 Na5 15. Ne1 Bf6 16. f4 Nd6 17. Nf3 Nc6 18. g4 a6 19. Na4 Qc7 20. Bxf6 gxf6 21. Qb2 f5 22. Qxb6 Qxb6 23. Nxb6 fxg4 24. Ne5 Nxe5 25. fxe5 Rab8 26. Rb1 Nf5 27. Bxb7 Rxb7 28. Na4 Rxd3 29. Nxc5 Rxd1+ 30. Rxd1 Rc7 31. Ne4 Rxc4 32. Nf6+ Kg7 33. e4 Nh4 34. Rd8 Nf3+ 35. Kf2 Nxe5 0-1

[Event "ALG-ch 24th"]
[Site "Sidi Bel Abbes"]
[Date "2012.03.05"]
[Round "7"]
[White "Medjkouh, Said"]
[Black "Salhi, Nouressadat"]
[Result "0-1"]
[WhiteElo "2104"]
[BlackElo "2115"]
[PlyCount "86"]
[EventDate "2012.03.01"]
[EventType "tourn"]
[EventRounds "9"]
[EventCountry "ALG"]
[SourceTitle "CBM 147 Extra"]
[Source "ChessBase"]
[SourceDate "2012.04.24"]
[SourceVersion "1"]
[SourceVersionDate "2012.04.24"]
[SourceQuality "1"]

1. g3 c6 2. Bg2 d5 3. Nf3 Nf6 4. 0-0 Nbd7 5. d4 g6 6. b3 Bg7 7. Bb2 0-0 8. c4 b5 9. Nbd2 bxc4 10. bxc4 Rb8 11. Bc3 dxc4 12. Nxc4 Ba6 13. Ba5 Qc8 14. Nce5 c5 15. d5 Bb7 16. Bh3 Ba8 17. Rc1 Qa6 18. Nxd7 Nxd7 19. Qd2 Rb5 20. Bc3 Bxc3 21. Rxc3 Nf6 22. Re3 Nxd5 23. Re5 c4 24. Bd7 Ra5 25. e4 Rxa2 26. Qh6 Nf6 27. Bb5 Ng4 28. Qh4 Nxe5 29. Ng5 Nf3+ 30. Nxf3 Qxb5 31. Ng5 h5 32. g4 Ra5 33. f4 Qb6+ 34. Kg2 Rd8 35. gxh5 Rd2+ 36. Kh3 Bxe4 37. h6 Bg2+ 38. Kg4 Qe6+ 39. Nxe6 Rh5 40. h7+ Kh8 41. Qf2 Bh3+ 42. Kg3 Rd3+ 43. Qf3 Bxf1 0-1

[Event "ALG-ch 24th"]
[Site "Sidi Bel Abbes"]
[Date "2012.03.04"]
[Round "6"]
[White "Nassr, Ali"]
[Black "Medjkouh, Said"]
[Result "1/2-1/2"]
[WhiteElo "1967"]
[BlackElo "2104"]
[PlyCount "115"]
[EventDate "2012.03.01"]
[EventType "tourn"]
[EventRounds "9"]
[EventCountry "ALG"]
[SourceTitle "CBM 147 Extra"]
[Source "ChessBase"]
[SourceDate "2012.04.24"]
[SourceVersion "1"]
[SourceVersionDate "2012.04.24"]
[SourceQuality "1"]

1. d4 Nf6 2. Nf3 g6 3. Bf4 Bg7 4. h3 0-0 5. e3 d6 6. Be2 c5 7. Nbd2 b6 8. 0-0 Bb7 9. c3 Nbd7 10. Qb3 Qc7 11. Bc4 h6 12. Rfe1 Ne4 13. Nxe4 Bxe4 14. Nd2 Bc6 15. Bd5 b5 16. Bxc6 Qxc6 17. Nf3 e5 18. Bh2 e4 19. Nd2 c4 20. Qc2 f5 21. a4 a6 22. Ra3 Nb6 23. axb5 axb5 24. Rea1 d5 25. b3 Rxa3 26. Rxa3 Ra8 27. Rxa8+ Qxa8 28. Bc7 Qa1+ 29. Kh2 Nd7 30. b4 Qa7 31. Ba5 Nb8 32. Qb2 Nc6 33. Nb1 Bf8 34. Qa3 Be7 35. Kg1 h5 36. Kf1 Kf7 37. Ke2 h4 38. Kd2 Qb8 39. Ke2 Qh2 40. Bb6 Qxg2 41. Qa8 Qf3+ 42. Ke1 Qh1+ 43. Ke2 Qxb1 44. Qxc6 Qd3+ 45. Ke1 Qxc3+ 46. Kf1 Qxb4 47. Qxd5+ Kg7 48. Qe5+ Bf6 49. Qc7+ Kh6 50. Bc5 Qb1+ 51. Kg2 Bg7 52. Qf4+ Kh7 53. Qxh4+ Kg8 54. Qd8+ Kh7 55. Qh4+ Kg8 56. Qd8+ Kh7 57. Qh4+ Kg8 58. Qd8+ 1/2-1/2

[Event "ALG-ch 24th"]
[Site "Sidi Bel Abbes"]
[Date "2012.03.03"]
[Round "4"]
[White "Dekar, Lies"]
[Black "Medjkouh, Said"]
[Result "1/2-1/2"]
[WhiteElo "2160"]
[BlackElo "2104"]
[PlyCount "119"]
[EventDate "2012.03.01"]
[EventType "tourn"]
[EventRounds "9"]
[EventCountry "ALG"]
[SourceTitle "CBM 147 Extra"]
[Source "ChessBase"]
[SourceDate "2012.04.24"]
[SourceVersion "1"]
[SourceVersionDate "2012.04.24"]
[SourceQuality "1"]

1. e4 c5 2. Nf3 g6 3. c3 Bg7 4. Bc4 d6 5. 0-0 Nf6 6. Re1 Nc6 7. Na3 0-0 8. Bf1 d5 9. e5 Ng4 10. d4 cxd4 11. cxd4 Nh6 12. h3 f6 13. exf6 Rxf6 14. Nc2 Rf8 15. g4 Qd6 16. Bg2 Nf7 17. b3 Qf6 18. Re2 h6 19. Qd3 Kh7 20. Bb2 Ncd8 21. Ne5 Ne6 22. Bc1 Nxd4 23. Qxd4 Nxe5 24. Qxd5 Nc6 25. Ba3 Rd8 26. Qe4 e5 27. Rf1 Be6 28. Qe3 Bd5 29. Be4 Rac8 30. Bb2 Nd4 31. Nxd4 exd4 32. Qd3 Bxe4 33. Rxe4 Rc5 34. Rfe1 Rd7 35. Re6 Qg5 36. R1e4 Rf7 37. Bxd4 Rc1+ 38. Kg2 Bxd4 39. Rxd4 Rc6 40. f4 Rxf4 41. Rd7+ Kg8 42. Rxg6+ Rxg6 43. Rd8+ Kg7 44. Qd7+ Rf7 45. Qe8 Kf6 46. Rd6+ Kg7 47. Rd8 Kf6 48. Rd6+ Kg7 49. Rd8 Qxd8 50. Qxd8 Rgf6 51. Qd4 a6 52. Kg3 Kg6 53. Qe4+ Kg7 54. Qe5 Kg6 55. Qe4+ Kg7 56. Qe5 Rd7 57. Kh4 Kg6 58. Qe8+ Rdf7 59. Qe4+ Kg7 60. Qe5 1/2-1/2

[Event "ALG-ch 24th"]
[Site "Sidi Bel Abbes"]
[Date "2012.03.01"]
[Round "1"]
[White "Medjkouh, Said"]
[Black "Haddouche, Mohamed Amine"]
[Result "0-1"]
[WhiteElo "2104"]
[BlackElo "2410"]
[PlyCount "66"]
[EventDate "2012.03.01"]
[EventType "tourn"]
[EventRounds "9"]
[EventCountry "ALG"]
[SourceTitle "CBM 147 Extra"]
[Source "ChessBase"]
[SourceDate "2012.04.24"]
[SourceVersion "1"]
[SourceVersionDate "2012.04.24"]
[SourceQuality "1"]

1. g3 g6 2. Bg2 Bg7 3. c4 c5 4. Nc3 Nc6 5. Nf3 e6 6. e3 Nge7 7. d4 cxd4 8. Nxd4 0-0 9. Nde2 Ne5 10. b3 d5 11. Ba3 N5c6 12. cxd5 exd5 13. 0-0 Bg4 14. Rc1 Qa5 15. Bxe7 Nxe7 16. h3 Be6 17. Nd4 Rac8 18. Qd3 a6 19. Na4 Bd7 20. Nc3 Rfd8 21. Rfd1 Be8 22. Nde2 Bc6 23. Nd4 h6 24. Qd2 Bd7 25. Qd3 Rc7 26. Nde2 Be6 27. Qd2 Rdc8 28. Nb1 Qxd2 29. Nxd2 Rc2 30. a4 b5 31. Rb1 Bf5 32. g4 Rxd2 33. gxf5 Rxe2 0-1

[Event "ALG-ch 24th"]
[Site "Sidi Bel Abbes"]
[Date "2012.03.01"]
[Round "2"]
[White "Oussedik, Mahfoud"]
[Black "Medjkouh, Said"]
[Result "1-0"]
[WhiteElo "2231"]
[BlackElo "2104"]
[PlyCount "129"]
[EventDate "2012.03.01"]
[EventType "tourn"]
[EventRounds "9"]
[EventCountry "ALG"]
[SourceTitle "CBM 147 Extra"]
[Source "ChessBase"]
[SourceDate "2012.04.24"]
[SourceVersion "1"]
[SourceVersionDate "2012.04.24"]
[SourceQuality "1"]

1. Nf3 g6 2. e4 c5 3. d4 cxd4 4. Nxd4 Bg7 5. c4 Nc6 6. Be3 d6 7. Nc3 Nf6 8. Be2 0-0 9. 0-0 Nxd4 10. Bxd4 Bd7 11. Qd2 Bc6 12. f3 a5 13. b3 Nd7 14. Be3 Nc5 15. Rab1 Qb6 16. Rfc1 Rfc8 17. Kh1 Qd8 18. Rc2 h5 19. a3 e5 20. Nd5 a4 21. b4 Nb3 22. Qd3 Nd4 23. Rcc1 Bxd5 24. cxd5 Rxc1+ 25. Rxc1 Rc8 26. Rxc8 Qxc8 27. Bd1 b5 28. Bd2 Bf6 29. Qc3 Qxc3 30. Bxc3 Bg5 31. Bb2 Be3 32. g3 f5 33. Kg2 f4 34. gxf4 Bxf4 35. Bxd4 exd4 36. Be2 Bc1 37. Bxb5 Bxa3 38. Bxa4 Bxb4 39. f4 d3 40. e5 Kf8 41. Kf3 Ke7 42. Ke4 d2 43. h3 Bc5 44. Kd3 Bb4 45. Bd1 h4 46. Bc2 Ba5 47. Ke2 dxe5 48. fxe5 Bc3 49. e6 g5 50. Kf3 Be5 51. Ke4 Bf4 52. Kf3 Be5 53. Ke4 Bf4 54. Kf5 Be3 55. Bd1 Bf4 56. Kg6 Be3 57. Be2 Bf4 58. Bf3 Be3 59. Bd1 Bf4 60. Bg4 Bd6 61. Kxg5 Bg3 62. Bd1 Bf2 63. Be2 Bg3 64. Bg4 Bd6 65. Kxh4 1-0

[Event "African Games op 10th"]
[Site "Maputo"]
[Date "2011.09.13"]
[Round "8.3"]
[White "Medjkouh, Said"]
[Black "El Gindy, Essam"]
[Result "0-1"]
[WhiteElo "2080"]
[BlackElo "2504"]
[PlyCount "75"]
[EventDate "2011.09.05"]
[EventType "team-swiss"]
[EventRounds "9"]
[EventCountry "MOZ"]
[SourceTitle "CBM 144 Extra"]
[Source "ChessBase"]
[SourceDate "2011.10.28"]
[SourceVersion "1"]
[SourceVersionDate "2011.10.28"]
[SourceQuality "1"]
[WhiteTeam "Algeria"]
[BlackTeam "Egypt"]
[WhiteTeamCountry "ALG"]
[BlackTeamCountry "EGY"]

1. c4 c5 2. g3 Nc6 3. Bg2 g6 4. Nc3 Bg7 5. e3 e5 6. Nge2 d6 7. d3 Nge7 8. Rb1 h5 9. a3 a5 10. Bd2 h4 11. Nd5 Nxd5 12. cxd5 Ne7 13. a4 Bg4 14. h3 Bxe2 15. Qxe2 hxg3 16. fxg3 Nf5 17. Qf2 Bh6 18. Be4 Ng7 19. g4 Bg5 20. Ke2 Qe7 21. Rbf1 Bh4 22. Qf3 Rf8 23. Qg2 b6 24. Rhg1 Qg5 25. Bf3 Qe7 26. Be4 0-0-0 27. g5 Kb8 28. Rf3 Rh8 29. Rgf1 Rdf8 30. Qg4 Bxg5 31. Bxg6 Bf4 32. Bf5 Rfg8 33. Rg1 Nxf5 34. Qxg8+ Rxg8 35. Rxg8+ Kb7 36. Rg4 Nh6 37. exf4 exf4+ 38. Kd1 0-1

[Event "Kheireddine Ameyar Memorial"]
[Site "Tipaza"]
[Date "2011.06.26"]
[Round "3"]
[White "Medjkouh, Said"]
[Black "Goutali, Tarek"]
[Result "0-1"]
[WhiteElo "2077"]
[BlackElo "2349"]
[PlyCount "112"]
[EventDate "2011.06.25"]
[EventType "swiss"]
[EventRounds "9"]
[EventCountry "ALG"]
[SourceTitle "CBM 143 Extra"]
[Source "ChessBase"]
[SourceDate "2011.08.29"]
[SourceVersion "1"]
[SourceVersionDate "2011.08.29"]
[SourceQuality "1"]

1. c4 d6 2. g3 e5 3. Bg2 g6 4. Nc3 Bg7 5. d3 f5 6. e4 Nf6 7. Nge2 0-0 8. 0-0 Nc6 9. exf5 Bxf5 10. d4 Qc8 11. f3 exd4 12. Nxd4 Nxd4 13. Qxd4 Kh8 14. Qh4 Qe6 15. Nb5 Qf7 16. Bd2 Bd3 17. Rfc1 a6 18. Na3 b5 19. Rc3 Bf5 20. Re3 bxc4 21. Qxc4 Nd5 22. f4 Nxe3 23. Qxf7 Rxf7 24. Bxa8 Bxb2 25. Re1 Bxa3 26. Bxe3 Bb2 27. Bd5 Re7 28. Bf2 Rxe1+ 29. Bxe1 Bd3 30. Kg2 Kg7 31. Ba5 c5 32. Bc7 c4 33. Bxd6 Bd4 34. Ba3 c3 35. Bc1 Be2 36. Be4 Kf6 37. h3 Bc4 38. a3 h6 39. g4 g5 40. Bc2 Be2 41. Kg3 Bc5 42. fxg5+ hxg5 43. h4 gxh4+ 44. Kxh4 Bf2+ 45. Kh5 Be1 46. Be3 Ke5 47. Bh6 Bd2 48. Bg7+ Kf4 49. Bh6+ Kg3 50. Bf8 Bxg4+ 51. Kg6 Kf2 52. Bb4 Ke1 53. a4 Bd1 54. Bd3 c2 55. Ba3 a5 56. Bd6 Bh5+ 0-1

[Event "ALG Control event"]
[Site "Tipaza"]
[Date "2010.11.27"]
[Round "5"]
[White "Goutali, Tarek"]
[Black "Medjkouh, Said"]
[Result "1-0"]
[WhiteElo "2283"]
[BlackElo "1983"]
[PlyCount "100"]
[EventDate "2010.11.25"]
[EventType "tourn"]
[EventRounds "9"]
[EventCountry "ALG"]
[SourceTitle "EXT 2012"]
[Source "ChessBase"]
[SourceDate "2011.11.24"]
[SourceVersion "1"]
[SourceVersionDate "2011.11.24"]
[SourceQuality "1"]

1. e4 c5 2. Nf3 g6 3. c3 Bg7 4. d4 cxd4 5. cxd4 d5 6. e5 Nc6 7. Bb5 Bg4 8. Bxc6+ bxc6 9. Nbd2 Nh6 10. 0-0 0-0 11. h3 Bxf3 12. Nxf3 Qb6 13. b3 c5 14. Ba3 cxd4 15. Bxe7 Rfe8 16. Bg5 Nf5 17. g4 Ne7 18. Qxd4 Qxd4 19. Nxd4 Bxe5 20. Rad1 f6 21. Be3 Bxd4 22. Rxd4 Rec8 23. Ra4 Rc2 24. Rd1 Rc7 25. Ra6 Kf7 26. Kg2 h5 27. Bb6 Rc6 28. Rxa7 Rxa7 29. Bxa7 hxg4 30. hxg4 Ra6 31. Bc5 Rxa2 32. Bxe7 Kxe7 33. Rxd5 Rb2 34. Rb5 Ke6 35. Kg3 Rb1 36. Rb7 Ke5 37. f3 f5 38. Rb5+ Ke6 39. gxf5+ gxf5 40. Kf4 Rf1 41. b4 Rf2 42. Rb6+ Kd7 43. b5 Ke7 44. Rh6 Rb2 45. Rb6 Rb3 46. Rb8 Kf7 47. b6 Kf6 48. b7 Rb4+ 49. Ke3 Ke7 50. Kd3 Rb1 1-0